000 01152nam a22002297a 4500
003 AR-RoUNCS
005 20251219122514.0
008 251219t2019 ag ||||| |||| 00| 1 spa||
020 _a978-987-1026-48-7
040 _cAR-RoUNCS
_aAR-RoUNCS
080 _082-2(460)
100 1 0 _aGarcía Lorca, Federico,
_d1898-1936
_eautor
245 1 3 _aLa casa de Bernarda Alba /
_cFederico García Lorca.
250 _a1a ed.
260 _aSanta Fe :
_bMinisterio de Educación de la Provincia de Santa Fe,
_c2019.
300 _a88 p. ;
_c25 cm.
490 0 _aRedes de Tinta
520 3 _aLa casa de Bernarda Alba es una obra de teatro en tres actos escrita por Federico García Lorca en 1936 y estrenada en 1945. Se centra en la vida de Bernarda Alba y sus cinco hijas tras la muerte de su segundo marido. La trama aborda temas como la opresión, la moral tradicional, la envidia y el deseo. La obra es una crítica a las normas sociales que limitan la libertad, particularmente la de las mujeres, por lo que se ha convertido en un clásico de la dramaturgia moderna.
650 4 _aLiteratura española
_ySiglo XIX
655 4 _aTeatro
942 _2ddc
_cLPD
_n0
999 _c864
_d864